Zimbabwe, post report.

Bibliographic Details
Corporate Author: United States. Department of State
Format: Government Document Book
Language:English
Published: Washington, D.C. : U.S. Dept. of State, 1985.
Edition:Rev. Sept. 1985.
Series:Department of State publication ; 9213.
Department of State publication. Department and Foreign Service series ; 258.
Subjects:

MARC

Tag First Indicator Second Indicator Subfields
LEADER 00000cam a2200000 a 4500
001 in00000856443
005 20151019072002.0
008 851001s1985 dcuab b f00000 eng d
010 |a gp 86001511  
035 |a (OCoLC)12641731 
035 |9 AED7715AM 
040 |a GPO  |c GPO  |d UtOrBLW 
043 |a n-us--- 
074 |a 869-C 
086 0 |a S 1.127:Z 6/985 
245 0 0 |a Zimbabwe, post report. 
250 |a Rev. Sept. 1985. 
264 1 |a Washington, D.C. :  |b U.S. Dept. of State,  |c 1985. 
300 |a 15 pages, 1 unnumbered page :  |b illustrations, map ;  |c 28 cm. 
336 |a text  |b txt  |2 rdacontent 
337 |a unmediated  |b n  |2 rdamedia 
338 |a volume  |b nc  |2 rdacarrier 
490 1 |a Department of State publication ;  |v 9213.  |a Department and Foreign Service series ;  |v 258 
500 |a Cover title. 
500 |a G.P.O. sales statement incorrect in publication. 
500 |a Shipping list number 85-889-P. 
500 |a "September 1985." 
504 |a Bibliography: page [16]. 
651 0 |a Zimbabwe  |x Description and travel. 
650 0 |a Diplomatic and consular service, American  |z Zimbabwe. 
710 1 |a United States.  |b Department of State. 
830 0 |a Department of State publication ;  |v 9213. 
830 0 |a Department of State publication.  |p Department and Foreign Service series ;  |v 258. 
999 |a MARS 
999 f f |s 1632343f-001b-3a8e-8e16-9db9ace7ec44  |i 1b59110c-973d-34db-a2c8-9c49211c7290  |t 0 
952 f f |p normal  |a Texas A&M University  |b College Station  |c Sterling C. Evans Library  |d Evans: US Documents (Annex 5th floor)  |t 0  |e S 1.127:Z 6/985  |h Superintendent of Documents classification  |i unmediated -- volume  |m A14818258834 
998 f f |a S 1.127:Z 6/985  |t 0  |l Evans: US Documents (Annex 5th floor)